Contabilidad de costos: un enfoque gerencial

Uloženo v:
Podrobná bibliografie
Hlavní autoři: Horngren, Charles T (Autor), Datar, Srikant M (Autor), Foster, George (Autor)
Médium: Kniha
Jazyk:španělština
Vydáno: Ciudad de México Pearson Educación 2007
Vydání:12a. ed
Témata:
Tagy: Přidat tag
Žádné tagy, Buďte první, kdo vytvoří štítek k tomuto záznamu!

MARC

LEADER 00000nam a2200000 a 4500
001 UCJ9627
003 CL-VaPUC
005 20241008145045.0
008 070330e20070000MX |||||||||||||||||spa|d
999 |c 325048  |d 325046 
020 |a 9702607612 
040 |c Pontificia Universidad Católica de Valparaíso 
082 0 4 |a 657.42  |b HOR  |2 21 
100 |a Horngren, Charles T  |e author  |9 590581 
245 1 0 |a Contabilidad de costos: un enfoque gerencial 
250 |a 12a. ed 
260 |a Ciudad de México  |b Pearson Educación  |c 2007 
300 |a 868 p 
583 |a last modification  |c 20070330 00:00:00  |k Rodrigo Vera 
650 0 |a Contabilidad de costes  |9 891891 
650 0 |a Toma de decisiones   |9 257530 
650 0 |a Control presupuestario  |9 345693 
650 0 |a Control de costes  |9 886490 
700 0 |a Datar, Srikant M  |e author  |9 519604 
700 0 |a Foster, George  |e author  |9 519605 
942 |c BK  |2 ddc 
945 |d 20070330 00:00:00  |a cmena 
952 |0 0  |1 0  |2 ddc  |4 0  |6 657_420000000000000_HOR_2007  |7 0  |8 R  |9 405497  |a BIBENE  |b BIBENE  |d 2019-11-22  |i 4326482  |l 1  |o 657.42 HOR 2007  |p 4326482  |r 2024-09-05  |s 2024-09-05  |w 2019-11-22  |y BK  |k ICO 
952 |0 0  |1 0  |2 ddc  |4 0  |6 657_420000000000000_HOR_2007  |7 0  |8 R  |9 405498  |a BIBENE  |b BIBENE  |d 2019-11-22  |i 4331400  |l 2  |o 657.42 HOR 2007  |p 4331400  |r 2025-04-04  |s 2025-03-28  |w 2019-11-22  |y BK  |k ICO 
952 |0 0  |1 0  |4 0  |6 657_420000000000000_HOR_2007  |7 0  |8 R  |9 405499  |a BIBGIM  |b BIBGIM  |d 2019-11-22  |i 4336070  |l 1  |o 657.42 HOR 2007  |p 4336070  |r 2025-01-15  |s 2024-04-17  |w 2019-11-22  |y BK_R  |k COM 
952 |0 0  |1 0  |4 0  |6 657_420000000000000_HOR_2007  |7 0  |8 R  |9 405500  |a BIBGIM  |b BIBGIM  |d 2019-11-22  |i 4336089  |o 657.42 HOR 2007  |p 4336089  |r 2025-01-15  |w 2019-11-22  |y BK_R  |k COM